The living thoughts of Tom Paine; (Record no. 328979)
[ view plain ]
| 000 -LEADER | |
|---|---|
| fixed length control field | 01141cam a2200313 4500 |
| 001 - CONTROL NUMBER | |
| control field | 747057 |
| 003 - CONTROL NUMBER IDENTIFIER | |
| control field | Nust |
| 005 - DATE AND TIME OF LATEST TRANSACTION | |
| control field | 20170420122619.0 |
| 008 - FIXED-LENGTH DATA ELEMENTS--GENERAL INFORMATION | |
| fixed length control field | 960528s1940 nyuc 000 0 eng |
| 010 ## - LIBRARY OF CONGRESS CONTROL NUMBER | |
| LC control number | 40027535 |
| 020 ## - INTERNATIONAL STANDARD BOOK NUMBER | |
| International Standard Book Number | 9788171679515 |
| 040 ## - CATALOGING SOURCE | |
| Original cataloging agency | DLC |
| Transcribing agency | DLC |
| Modifying agency | DLC |
| 050 00 - LIBRARY OF CONGRESS CALL NUMBER | |
| Classification number | JC177 |
| Item number | .A5 1940a |
| 051 ## - LIBRARY OF CONGRESS COPY, ISSUE, OFFPRINT STATEMENT | |
| Copy information | Copy 2. |
| 051 ## - LIBRARY OF CONGRESS COPY, ISSUE, OFFPRINT STATEMENT | |
| Classification number | JC177 |
| Item number | .A5 1940a Copy 3 |
| Copy information | Copy 3. |
| 082 ## - DEWEY DECIMAL CLASSIFICATION NUMBER | |
| Classification number | 813 |
| Author Mark | PAI |
| 100 1# - MAIN ENTRY--PERSONAL NAME | |
| Personal name | Paine, Thomas, |
| Dates associated with a name | 1737-1809. |
| 245 14 - TITLE STATEMENT | |
| Title | The living thoughts of Tom Paine; |
| Statement of responsibility, etc. | presented by John Dos Passos ... |
| 260 ## - PUBLICATION, DISTRIBUTION, ETC. | |
| Place of publication, distribution, etc. | New York, |
| -- | Toronto, |
| Name of publisher, distributor, etc. | Longmans, Green and co., |
| Date of publication, distribution, etc. | 1940. |
| 300 ## - PHYSICAL DESCRIPTION | |
| Extent | 3 p.l., 215 p. |
| Other physical details | front. (port.) |
| Dimensions | 19 cm. |
| 440 #4 - SERIES STATEMENT/ADDED ENTRY--TITLE | |
| Title | The living thoughts library, |
| Volume/sequential designation | 12 |
| 500 ## - GENERAL NOTE | |
| General note | Illustrated lining-papers. |
| 500 ## - GENERAL NOTE | |
| General note | "First edition." |
| 650 #0 - SUBJECT ADDED ENTRY--TOPICAL TERM | |
| Topical term or geographic name entry element | Political science. |
| 700 1# - ADDED ENTRY--PERSONAL NAME | |
| Personal name | Dos Passos, John, |
| Dates associated with a name | 1896-1970. |
| 710 2# - ADDED ENTRY--CORPORATE NAME | |
| Corporate name or jurisdiction name as entry element | John Davis Batchelder Collection (Library of Congress) |
| Institution to which field applies | DLC |
| 906 ## - LOCAL DATA ELEMENT F, LDF (RLIN) | |
| a | 7 |
| b | cbc |
| c | orignew |
| d | u |
| e | ocip |
| f | 19 |
| g | y-gencatlg |
| 942 ## - ADDED ENTRY ELEMENTS (KOHA) | |
| Source of classification or shelving scheme | |
| Koha item type | Book |
| Withdrawn status | Lost status | Source of classification or shelving scheme | Damaged status | Not for loan | Permanent Location | Current Location | Shelving location | Date acquired | Total Checkouts | Full call number | Barcode | Date last seen | Date last checked out | Copy number | Price effective from | Koha item type |
|---|---|---|---|---|---|---|---|---|---|---|---|---|---|---|---|---|
| Central Library (CL) | Central Library (CL) | Fiction | 04/20/2017 | 1 | 813 PAI | CL1572 | 07/30/2021 | 07/30/2021 | 1 | 04/20/2017 | Book |
